|
003 -Nazwa inst., której nr kontr. jest w polu 001 [,]
|
-
- @
- Nazwa instytucji, której n kontrolny jest w polu 001
- NUKAT
|
|
005 -DATA I CZAS OSTATNIEJ MODYFIKACJI [,]
|
-
- @
- pole kontrolne
- 20241231093742.0
|
|
020 -Międzynarod. znormalizowany nr książki - ISBN [ , ]
|
-
- a
- Numer ISBN
- 8387674672
|
|
040 -Instytucja sporządzająca opis [ , ]
|
-
- a
- Instytucja, która sporządziła opis (NP)
- KR U/28WP
-
- b
- Język katalogowania
- pol
-
- e
- Zasady katalogowania
- rda
-
- c
- Instytucja, która sporządziła rekord (NP)
- KR U/28WP
-
- d
- Instytucja, która zmodyfikowała rekord (P)
- KR U/28WP
-
- d
- Instytucja, która zmodyfikowała rekord (P)
- KR 93/BJs
-
- d
- Instytucja, która zmodyfikowała rekord (P)
- KR U/42AKs
-
- d
- Instytucja, która zmodyfikowała rekord (P)
- GL 001/FAN
-
- d
- Instytucja, która zmodyfikowała rekord (P)
- KR 93/BJs
-
- d
- Instytucja, która zmodyfikowała rekord (P)
- GL 001/FAN
|
|
942 -Rodzaj dokumentu [ , ]
|
-
- c
- Rodzaj dokumentu
- Książka
|
|
080 -Uniwersalna Klasyfikacja Dziesiętna [ , ]
|
-
- 2
- Identyfikator wydania tablic
- UDC-P058
-
-
- a
- Symbol klasyfikacji
- 577.3
-
- b
- Dopowiedzenie
- Fizyczne i fizykochemiczne podstawy życia. Biofizyka i chemia biofizyczna. Biomechanika. Bioenergetyka. Biorytm. Fizyka i fizykochemia protein. Fizyka i chemia fizyczna kwasów nukleinowych. Biofizyka enzymów. Bionika.
|
|
080 -Uniwersalna Klasyfikacja Dziesiętna [ , ]
|
-
- 2
- Identyfikator wydania tablic
- UDC-P058
-
-
- a
- Symbol klasyfikacji
- 615.47
-
- b
- Dopowiedzenie
- Narzędzia oraz urządzenia medyczne i chirurgiczne. Wyposażenie szpitali. Protezy. Implanty. Sprzęt i urządzenia ortopedyczne, stomatologiczne
|
|
080 -Uniwersalna Klasyfikacja Dziesiętna [ , ]
|
-
- 2
- Identyfikator wydania tablic
- UDC-P058
-
-
- a
- Symbol klasyfikacji
- 616-089.843
-
- b
- Dopowiedzenie
- Wszczepianie. Przeszczepianie. Transplantacja.
|
|
080 -Uniwersalna Klasyfikacja Dziesiętna [ , ]
|
-
- 2
- Identyfikator wydania tablic
- UDC-P058
-
-
- a
- Symbol klasyfikacji
- 616.71
-
- b
- Dopowiedzenie
- Choroby kości. Osteologia.
|
|
650 -Hasło przedmiotowe [ ,7]
|
-
- a
- Hasło przedmiotowe
- Biomechanika.
-
-
|
|
650 -Hasło przedmiotowe [ ,7]
|
-
- a
- Hasło przedmiotowe
- Medycyna fizyczna.
-
-
|
|
650 -Hasło przedmiotowe [ ,7]
|
-
- a
- Hasło przedmiotowe
- Inżynieria biomedyczna.
-
-
|
|
980 -Symbol UKD [ , ]
|
-
- a
- UKD
- 577.3:615.47:616.71-089.843
|
|
700 -Hasło dodatkowe - nazwa osobowa [1, ]
|
-
- a
- Nazwa osobowa (NP)
- Będziński, Romuald.
-
- e
- Określenie rodzaju współpracy
- Redakcja
-
|
|
700 -Hasło dodatkowe - nazwa osobowa [1, ]
|
-
- a
- Nazwa osobowa (NP)
- Nałęcz, Maciej
-
- d
- Daty biograficzne (NP)
- (1922-2009).
-
- e
- Określenie rodzaju współpracy
- Redakcja
-
|
|
700 -Hasło dodatkowe - nazwa osobowa [1, ]
|
-
- a
- Nazwa osobowa (NP)
- Kędzior, Krzysztof
-
- c
- Dopowiedzenie inne niż daty biograficzne (NP)
- (automatyka).
-
- e
- Określenie rodzaju współpracy
- Redakcja
-
|
|
700 -Hasło dodatkowe - nazwa osobowa [1, ]
|
-
- a
- Nazwa osobowa (NP)
- Kiwerski, Jerzy
-
- d
- Daty biograficzne (NP)
- (1937-2024).
-
- e
- Określenie rodzaju współpracy
- Redakcja
-
|
|
700 -Hasło dodatkowe - nazwa osobowa [1, ]
|
-
- a
- Nazwa osobowa (NP)
- Morecki, Adam
-
- d
- Daty biograficzne (NP)
- (1929-2001).
-
- e
- Określenie rodzaju współpracy
- Redakcja
-
|
|
700 -Hasło dodatkowe - nazwa osobowa [1, ]
|
-
- a
- Nazwa osobowa (NP)
- Skalski, Konstanty.
-
- e
- Określenie rodzaju współpracy
- Redakcja
-
|
|
700 -Hasło dodatkowe - nazwa osobowa [1, ]
|
-
- a
- Nazwa osobowa (NP)
- Wall, Andrzej
-
- d
- Daty biograficzne (NP)
- (1936-2020).
-
- e
- Określenie rodzaju współpracy
- Redakcja
-
|
|
700 -Hasło dodatkowe - nazwa osobowa [1, ]
|
-
- a
- Nazwa osobowa (NP)
- Wit, Andrzej.
-
- e
- Określenie rodzaju współpracy
- Redakcja
-
|
|
710 -Hasło dodatkowe - nazwa ciała zbiorowego [2, ]
|
-
- a
- Nazwa ciała zbiorowego lub nazwa geograficzna jako pierwszy element (NP)
- Akademicka Oficyna Wydawnicza Exit.
-
- e
- Rodzaj współpracy
- Wydawca
-
-
|